00796cam a2200241 450000100060000000300080000600500170001400800410003103500230007203500190009504000370011404100080015108200230015910000380018224500970022026000340031730000250035149000690037650400200044560000350046583000100050083000440051028169BD-RjUL20211209051239.0140329s1967 nyu 001 0 eng u a(OCoLC)ocm00334767 a(BD-RjUL)28250 cDRBdOCLdm/cdZCUaBD-RjULbeng aeng a917.8042bWIT 19671 aWilliams, John Sharp.d1854-1932.00aThomas Jefferson :bhis permanent influence on American institutions /cJohn Sharp Williams. aNew York :bAMS Press,c1967. aix, 330 p. ;c23 cm.1 aColumbia University lectures. George Blumenthal Foundation. 1912 aIncludes Index.10aJefferson, Thomas,d1743-1826. 0v1912. 0aGeorge Blumenthal Foundation lectures ;